000 02075nam0a2200337 4500
001 RU\NLR\bibl\1700302
005 20260409075336.0
010 _a978-5-7142-1234-5
_9500
021 _aRU
_b2010-77440
_95160
035 _a(NLR Aleph) 001691386
090 _a1162996
_c1162996
100 _a20101116d2010 |||y0rusy50 ca
101 0 _arus
102 _aRU
105 _aa |||||||||
200 1 _aПрограммы психического развития дошкольника
_e(научно-практический материал диссертационных исследований кафедры психологии развития и педагогической психологии)
_eучебное пособие
_fМ-во образования и науки Рос. Федерации, Шадр. гос. пед. ин-т, Фак. коррекц. педагогики и психологии
_g[Н.В. Мельникова и др.]
_gпод общ. ред. д.психол.н. Н.В. Мельниковой
210 _aШадринск
_cИзд-во ОГУП "ШДП"
_d2010
215 _a241 с.
_cил.
_d20
320 _aБиблиогр.: с. 241 (7 назв.)
606 1 _aДошкольники
_jУчебные издания
_xПсихическое развитие
_92037612
_3RU\NLR\auth\661223233
606 _aДошкольники
_jУчебные издания
_xНравственное воспитание
_92435112
_3RU\NLR\auth\661449101
686 _aЮ983.401.2я7
686 _aЧ411.352я7
702 1 _4220
_7ca
_8rus
_aМельникова
_bН. В.
_cканд. пед. наук
_gНина Васильевна
_915764
_3RU\NLR\auth\7732756
711 0 2 _aШадринский государственный педагогический институт
_bКафедра психологии развития и педагогической психологии
_9835131
_3RU\NLR\AUTH\8810169664
801 0 _aRU
_bNLR
_c20101116
_gRCR
801 1 _aRU
_bNLR
_c20101116
942 _cBOOK
980 _aNB
980 _aNBR